| 000 | 00875cam a22002533a 4500 | ||
|---|---|---|---|
| 001 | 10834 | ||
| 003 | PGUSA | ||
| 005 | 20140828083229.0 | ||
| 008 | 040101s2004||||xxu|||||s|||||000 | eng d | ||
| 040 |
_aPGUSA _beng |
||
| 042 | _adc | ||
| 050 | 4 | _aPZ | |
| 050 | 4 | _aQL | |
| 100 | 1 | _aUnknown | |
| 245 | 1 | 4 |
_aThe History of Insects _h[electronic resource] / _cUnknown |
| 260 |
_bProject Gutenberg, _c2004 |
||
| 505 | 0 | _aThe history of insects -- Elephant-beetle -- Grasshopper -- Cricket -- Locust -- Flea -- Louse -- Itch, mite, chego, deathwatch -- Scorpion -- Ants -- Honey-bee -- Dragon fly -- Butterfly -- Spider -- Silk worm -- Samuel Wood. | |
| 506 | _aPublic domain in the USA. | ||
| 516 | _aElectronic text | ||
| 653 | _aInsects -- Juvenile literature | ||
| 830 | 0 |
_aProject Gutenberg _v10834 |
|
| 856 | 4 | 0 | _uhttp://www.gutenberg.org/ebooks/10834 |
| 942 | _cEB | ||
| 999 |
_c240089 _d240089 |
||